Textbook on arbitration and conciliation with alternative dispute resolution / (Record no. 13849)

MARC details
000 -LEADER
fixed length control field 00974nam a22002417a 4500
005 - DATE AND TIME OF LATEST TRANSACTION
control field 2008062302172.0
008 - FIXED-LENGTH DATA ELEMENTS--GENERAL INFORMATION
fixed length control field 080618t xxu||||| |||| 00| 0 eng d
010 ## - LIBRARY OF CONGRESS CONTROL NUMBER
LC control number ENG-90383
020 ## - INTERNATIONAL STANDARD BOOK NUMBER
International Standard Book Number 8175346932
Terms of availability 180.00
035 ## - SYSTEM CONTROL NUMBER
System control number EN-73916
037 ## - SOURCE OF ACQUISITION
Source of stock number/acquisition DBAD / PUB
040 ## - CATALOGING SOURCE
Original cataloging agency DPL
Language of cataloging EN
082 ## - DEWEY DECIMAL CLASSIFICATION NUMBER
Classification number 347.5409
100 ## - MAIN ENTRY--PERSONAL NAME
Personal name Saharay, Madhusudan
245 ## - TITLE STATEMENT
Title Textbook on arbitration and conciliation with alternative dispute resolution /
Statement of responsibility, etc by Madhusudan Saharay
260 ## - PUBLICATION, DISTRIBUTION, ETC. (IMPRINT)
Place of publication, distribution, etc Delhi
Name of publisher, distributor, etc Universal Law Publishing
Date of publication, distribution, etc 2008
270 ## - ADDRESS
Address C-FF-1A, Dilkhush Industrial Estate, (Opp. Hans Cinema, lAzadpur) G.T. Karnal Road,
City Delhi
Postal code 110033
Telephone number 27438103
300 ## - PHYSICAL DESCRIPTION
Extent xLii, 246p.
Dimensions 25 cm (pbk)
500 ## - GENERAL NOTE
General note Includes subject index
700 ## - ADDED ENTRY--PERSONAL NAME
Personal name
942 ## - ADDED ENTRY ELEMENTS (KOHA)
Koha item type English Books
Classification part 347.5409
Source of classification or shelving scheme Dewey Decimal Classification
Call number suffix SAH
Holdings
Withdrawn status Lost status Damaged status Not for loan Collection code Home library Current library Date acquired Source of acquisition Cost, normal purchase price Total Checkouts Full call number Barcode Date last seen Copy number Cost, replacement price Price effective from Koha item type
      Not For Loan Non-fiction D.B.Act.Division D.B.Act.Division 23/06/2008 DBAD / PUB 180.00   347.5409 SAH EN-73916 15/09/2008 1 180.00 15/09/2008 English Books

© Delhi Public Library
Hit Counter
free hit counter